书目信息 |
| 题名: |
小逻辑
|
|
| 作者: | 黑格尔 , Hegel 著 ;贺麟 译 | |
| 分册: | ||
| 出版信息: | 北京 商务印书馆 1980 |
|
| 页数: | 435页 | |
| 开本: | 21cm | |
| 丛书名: | ||
| 单 册: | ||
| 中图分类: | B811.01 , B516.35 , B81 | |
| 科图分类: | ||
| 主题词: | 辩证逻辑 | |
| 电子资源: | ||
| ISBN: | ||
| 000 | 00866nam0 2200313 45 | |
| 001 | 0938290335 | |
| 005 | 20090928103931.29 | |
| 010 | @b精装@dCNY1.90 | |
| 091 | @aCN@b2017.46 | |
| 100 | @a19950705d1980 em y0chiy0121 ea | |
| 101 | 1 | @achi@cger |
| 102 | @aCN@b110000 | |
| 105 | @ay z 000yy | |
| 200 | 10 | @a小逻辑@Axiao luo ji@f(德)黑格尔(G.W.F.Hegel)著@g贺麟译 |
| 205 | @a2版 | |
| 210 | @a北京@c商务印书馆@d1980 | |
| 215 | @a435页@d21cm | |
| 300 | @a书名原文:System der Philosophie.Erster Teil. Die Logik | |
| 510 | 1 | @aSystem der Philosophie. Erster Teil. Die Logik@zger |
| 606 | 0 | @a辩证逻辑 |
| 690 | @aB811.01@v3 | |
| 690 | @aB516.35@v3 | |
| 690 | @aB81@v4 | |
| 701 | 1 | @a黑格尔@Ahei ge er@bG.W.F.@4著 |
| 701 | A1 | @aHegel@bG.W.F.@4著 |
| 702 | 0 | @a贺麟@Ahe lin@4译 |
| 801 | 0 | @aCN@bTSSF |
| 801 | 2 | @aCN@bNLC |
| 905 | @a10447@dB81@eJY33 | |
| 小逻辑/(德)黑格尔(G.W.F.Hegel)著/贺麟译.-2版.-北京:商务印书馆,1980 |
| 435页;21cm |
| 书名原文:System der Philosophie.Erster Teil. Die Logik |
| ISBN (精装):CNY1.90 |
| ● |
| 相关链接 |
|
|
|
|
正题名:小逻辑
索取号:B81/JY33
 
预约/预借
| 序号 | 登录号 | 条形码 | 馆藏地/架位号 | 状态 | 备注 |
| 1 | 7804865 | 278048658 | 学院路分馆/ [索取号:B81/JY33] |
已借出,限还日期为2025.12.18 借出人:孙运卓 |